000 00805cam a22002534a 4500
008
020 _a9780702026331 (pbk.)
049 _aMAIN
090 _aRD31.3
_bFRA
100 1 _aFranklin, Ian J.
245 1 0 _aPocket essentials of clinical surgery /
_cIan J. Franklin, Peter M. Dawson.
260 _aEdinburgh ;
_aNew York :
_bSaunders,
_cc2008.
300 _axiv, 553 p. :
_bill. (part col.) ;
_c19 cm.
500 _aIncludes index.
650 0 _aSurgery
_vHandbooks, manuals, etc.
650 1 2 _aSurgical Procedures, Operative
_vHandbooks.
650 2 2 _aClinical Medicine
_vHandbooks.
700 1 _aDawson, Peter M.
907 _a.b10298630
_b21-09-16
_c15-06-11
003
005 20230120204213.0
040 _cNUST
942 _cBOOKS
_kRD31.3
_mFRA
999 _c119009
_d119009